| 000 | 00571nam a22001817a 4500 | ||
|---|---|---|---|
| 999 |
_c16362 _d16362 |
||
| 003 | AR-CdUCM | ||
| 008 | 190503b ||||| |||| 00| 0 spa d | ||
| 040 |
_aMUNICIPALIDAD PROVINCIAL DEL CUSCO _cBIBLIOTECA MUNICIPAL DEL CUSCO |
||
| 082 |
_a868.3 / _bL57 |
||
| 100 |
_aLeón, Luis de, _935764 |
||
| 245 | _aDe los nombres de Cristo / | ||
| 260 |
_aBuenos Aires / _bSopena Argentina, _c1943 |
||
| 300 |
_a241 paginas ; _c23 cm. |
||
| 505 | _aContenido :Libro segundo --Libro tercero / | ||
| 650 |
_aJesucristo _98714 |
||
| 942 |
_2ddc _cLIBROS |
||
| 945 |
_arjall _d2019-05-03 |
||